Loading...
| Auditory Arts | 1 | 10.00 | 100% | 0% | 0% |
| Beliefs | 8 | 16.25 | 88% | 63% | 13% |
| Current Events | 3 | 20.00 | 100% | 100% | 0% |
| Fine Arts - Other Arts | 3 | 20.00 | 100% | 100% | 0% |
| Geography | 2 | 10.00 | 100% | 0% | 0% |
| History - American History | 3 | 23.33 | 100% | 67% | 67% |
| History - Ancient History | 1 | 20.00 | 100% | 100% | 0% |
| History - European History | 2 | 10.00 | 100% | 0% | 0% |
| History - Other History | 2 | 15.00 | 100% | 50% | 0% |
| History - World History | 6 | 18.33 | 100% | 50% | 33% |
| Literature - American Literature | 3 | 16.67 | 100% | 67% | 0% |
| Literature - British Literature | 2 | 10.00 | 100% | 0% | 0% |
| Literature - European Literature | 5 | 14.00 | 80% | 40% | 20% |
| Literature - World Literature | 2 | 15.00 | 100% | 50% | 0% |
| Philosophy | 1 | 10.00 | 100% | 0% | 0% |
| Science - Biology | 1 | 10.00 | 100% | 0% | 0% |
| Science - Chemistry | 3 | 6.67 | 67% | 0% | 0% |
| Science - Other Science | 3 | 3.33 | 33% | 0% | 0% |
| Science - Physics | 4 | 7.50 | 50% | 25% | 0% |
| Social Science | 7 | 14.29 | 86% | 43% | 14% |
| Visual Arts | 3 | 10.00 | 100% | 0% | 0% |